Úspech rovná sa tímová práca

Bibliographic Details
Main Authors: Štaidl, Ladislav, 1945-2021 (Author), Adam, Jan (Author)
Format: Article
Language:Slovak
PhysicalDescription:Obr. 1.
Subjects:

MARC

LEADER 00000nab a2200000 a 4500
001 vtls000218068
003 SK-MaSNL
005 20260302204236.0
008 160201c1985 xo 0 slo
015 |a SNBRB19rr/mm-uuuuu 
035 |a CL0228182 
040 |a SNKBUCL  |b slo  |c SNKBUCL  |e AACR2 
041 0 |a slo 
044 |a xo  |c SK 
080 |a 78.071.1/.2  |2 1981 
080 |a 929 Staidl, Ladislav  |2 1981 
100 1 |a Štaidl, Ladislav,  |d 1945-2021  |4 aut  |9 66161 
245 1 0 |a Úspech rovná sa tímová práca  |c Ladislav Štaidl, Jan Adam 
300 |b Obr. 1. 
650 0 7 |a Štaidl, Ladislav,  |d 1945-2021  |2 snkbucl  |9 928481 
655 7 |a články z novín a časopisov  |2 snkbucl  |9 267496 
700 1 |a Adam, Jan  |4 aut  |9 378287 
773 0 |t Populár  |g Roč. 17, č. 6 (1985), s. 18-19 
850 |a Slovenská národná knižnica v Martine  |a MTA001 
852 |a SNK  |b KIS3GCP 
958 |a RK 
958 |a CZ 
992 |a RBX 
999 |c 1472575  |d 1474505